| 000 | 00839nam a22002297a 4500 | ||
|---|---|---|---|
| 008 | 160930b xxu||||| |||| 00| 0 eng d | ||
| 020 | _a9780135154038 | ||
| 020 | _a0135154030 | ||
| 050 |
_aLC 1201 _b.M38 2010 |
||
| 100 | _aMcLeskey, James | ||
| 245 |
_aInclusion : _beffective practices for all students/ _cJames McLeskey, Michael S. Rosenberg and David L. Westling. |
||
| 260 |
_aBoston : _bPearson Education ; _cc2010. |
||
| 300 |
_axxv, 484p. : _bill. ; |
||
| 521 | _aIncludes index. | ||
| 650 |
_aInclusive education _xUnited States. |
||
| 650 |
_aSpecial education _xUnited States. |
||
| 650 |
_aChildren with disabilities _xeducation _yUnited States. |
||
| 650 |
_aMainstreaming _xUnited States. |
||
| 700 | _aRosenberg, Michael S. | ||
| 700 | _aWestling, David L. | ||
| 942 |
_2lcc _cBOOKS _hLC 1201 .M38 2010 |
||
| 999 |
_c14343 _d14343 |
||